[Event "Catalunya-ch"]
[Site "Barcelona"]
[Date "2003.04.15"]
[Round "3"]
[White "Biosca, Ferran"]
[Black "Narciso Dublan, Marc"]
[Result "0-1"]
[WhiteElo "2250"]
[BlackElo "2550"]
[PlyCount "56"]
[EventDate "2003.04.13"]
[EventType "swiss"]
[EventRounds "9"]
[EventCountry "ESP"]
[SourceTitle "EXT 2004"]
[Source "ChessBase"]
[SourceDate "2003.11.25"]
[SourceVersion "1"]
[SourceVersionDate "2003.11.25"]
[SourceQuality "1"]

1. Nf3 d5 2. d4 c5 3. c4 e6 4. cxd5 exd5 5. g3 Nf6 6. Bg2 Be7 7. 0-0 0-0 8. Nc3 Nc6 9. Bg5 cxd4 10. Nxd4 h6 11. Be3 Re8 12. Rc1 Bg4 13. h3 Be6 14. Qa4 Qd7 15. Kh2 a6 16. Nxc6 bxc6 17. Rfd1 Bf5 18. b4 Qb7 19. a3 Bd6 20. Bd4 Nd7 21. Qb3 Rad8 22. Nxd5 Be6 23. Qc3 Bxd5 24. Bxg7 Rxe2 25. Bxd5 cxd5 26. Bxh6 Ne5 27. Be3 d4 28. Rxd4 Nf3+ 0-1